000 01112cam a2200337 a 4500
003 OSt
005 20140310184528.0
008 850904s1953 nyua j 000 1 eng
020 _a0590488171
040 _aDLC
_cDLC
_dDLC
043 _an-us-wi
050 0 0 _aPZ 7
_b.W6461Li 1932
100 1 _aWilder, Laura Ingalls
_d1867-1957.
_930410
245 1 0 _aLittle house in the big woods /
_cLaura Ingalls Wilder.
250 _aNewly illustrated, uniform ed.
260 _aNew York :
_bScholastic.,
_c1932.
300 _a237 p. :
_bill. ;
_c21 cm.
521 _aG8
526 _c930
600 1 0 _aWilder, Laura Ingalls,
_d1867-1957
_vJuvenile fiction.
_930411
600 1 1 _aWilder, Laura Ingalls,
_d1867-1957
_xFiction.
_930412
650 1 _aFrontier and pioneer life
_zWisconsin
_xFiction.
_930413
650 1 _aFamily life
_xFiction.
_930414
651 1 _aWisconsin
_xFiction.
_930415
700 1 _aWilliams, Garth,
_eill.
_930416
906 _a7
_bcbc
_corignew
_d1
_eocip
_f19
_gy-genrareb
942 _2lcc
_cBK-SCHOLAS
999 _c35170
_d35170